マリオカート ワールドのアイテム名 - Statistics

General Stats
  • This quiz has been taken 79 times
  • The average score is 17 of 27
Answer Stats
Hint アイテム名 % Correct
アカこうら
91%
ミドリこうら
91%
キラー
90%
コイン
84%
サンダー
81%
ダッシュキノコ
79%
バナナ
79%
New ハネ
78%
テレサ
72%
トリプルダッシュキノコ
69%
トゲゾーこうら
67%
トリプルアカこうら
67%
トリプルミドリこうら
67%
トリプルバナナ
66%
New カメック
61%
スーパースター
61%
ファイアフラワー
60%
New アイスフラワー
57%
ゲッソー
57%
パワフルダッシュキノコ
57%
ブーメランフラワー
52%
ボムへい
49%
New きょだいキノコ
46%
New ハンマー
46%
スーパークラクション
45%
New ハテナブロック
40%
New ゴールデンこうら
37%
No matching quizzes found
Score Distribution
Percent of People with Each Score
Percentile by Number Answered
Your Score History
You have not taken this quiz